| 000 | 01022nam a22003257a 4500 | ||
|---|---|---|---|
| 003 | CHAP | ||
| 005 | 20220329141455.0 | ||
| 008 | 971013s1986 r 00010 d | ||
| 010 | _a68743 | ||
| 011 | _a69715 | ||
| 035 | _a79192 | ||
| 040 | _cCHAP | ||
| 082 |
_a631.41 _bM5 |
||
| 100 | 0 | 0 |
_aMiret Llanés, Pau. _976142 |
| 245 | _aCaracterísticas, labores y correlaciones del terreno agrario | ||
| 260 |
_aBarcelona : _bSintes, _c1986 |
||
| 300 |
_a152 p. _b: ilus. |
||
| 490 | _aBiblioteca del agricultor | ||
| 500 | _a31-137 | ||
| 590 |
_aBATCH-UPD _b10 _c20130110 _lUCH01 _h0348 |
||
| 590 |
_aBATCH-UPD _b10 _c20130110 _lUCH01 _h1915 |
||
| 590 |
_aBATCH-UPD _b10 _c20130410 _lUCH01 _h0021 |
||
| 590 |
_aBATCH-UPD _b10 _c20130914 _lUCH01 _h0619 |
||
| 590 |
_aCONVERSION _b10 _c20130109 _lUCH01 _h1338 |
||
| 650 | 1 | 4 |
_aSuelos agrícolas. _9110531 |
| 830 | 0 |
_aBiblioteca del agricultor _912353 |
|
| 901 | _aBK | ||
| 942 | _cLIBRO | ||
| 949 |
_a631.41 M5 _bBC _cLIBRO _d33724000066676 _eLIBRO _gI.144476 _h75651 _i79192 _si _t32.00 |
||
| 999 |
_c68743 _d68743 |
||